| 000 | 01018nam a22002057a 4500 | ||
|---|---|---|---|
| 008 | 100707s2003 xxu||||| |||| 00| 0 ara d | ||
| 020 | _a9775283930 | ||
| 082 |
_222 _a297.124 _bع ل ى |
||
| 100 | 1 |
_916032 _aعلى ، عادل حسن |
|
| 245 |
_aالإمام الحاكم النيسابورى : _bوكتابه ( المستدرك) مع العناية بكتاب التفسير منه / _cعادل حسن على |
||
| 260 |
_aالقاهرة : _bمؤسسة المختار ، _c2003. |
||
| 300 |
_a316 ص : _c24 سم. |
||
| 504 | _aيحتوي على إرجاعات ببليوجرافية | ||
| 541 |
_aألف باء ؛ _cشراء ؛ |
||
| 600 |
_916033 _aالنيسابوري ، محمد بن عبد الله |
||
| 650 |
_913528 _aالأئمة والأولياء |
||
| 650 |
_916034 _aالحديث _xتراجم الرواة |
||
| 942 |
_2ddc _cBB |
||
| 999 |
_c14428 _d14428 |
||